000 01143cam a2200277 4500
001 ##L131621
008 051121n2005 000 0 eng u
035 _a(Sirsi) u131621
041 0 _aeng
050 0 4 _a336.21 $2 18
110 1 _aLawrence Tattersall Chartered Surveyors
_93891
245 0 0 _aNon-domestic rating revaluation
_bpublic houses - approved guide to valuation
260 _aSheffield
_bLawrence Tattersall
_c2005
300 _a23p
_b30cm
505 0 _aIntroduction
505 0 _aLiquor sales
505 0 _aFood sales
505 0 _aAccommodation sales
505 0 _aOther receipts
505 0 _aOther considerations
505 0 _aAppendices
_bsummary tables; Central London liquor bands; Outer London liquor bands; Provincial England and Wales liquor bands and food bands.
520 _aProvides guidance for the valuation of public houses for rating purposes for the non-domestic revaluation which came into effect on 1 April 2005, agreed between the British Beer and Pub Association and the Valuation Office Agency.
590 _aIKA221105
690 _aPROPERTY-PROPERTY VALUATION AND APPRAISAL
942 _n0
999 _c104796
_d104796